000 00777nam a2200229Ia 4500
003 OSt
005 20220923225206.0
006 a|||||r|||| 00| 0
007 ta
008 220922b |||||||| |||| 00| 0 hin d
024 _a259,649
037 _cTextual
040 _aARTS
_cARTS
_bhin
041 _2hin
_ahin
082 _aV2:51xN07, 152N0
100 _aसिंह, रघुबीर
_9156291
245 0 _aभगत सिंह और स्वतंत्रता संग्राम
246 _aBhagat sianha aur svatantratā sangrāma
260 _aनई दिल्ली
_b राधा पब्लिकेशन्स
_c1990
942 _hV2:51xN07, 152N0
_cTEXL
_2CC
999 _c376641
_d376641